[Event "Norway Chess 2024"]
[Site "Stavanger, Norway"]
[Date "2024.06.03"]
[Round "14.2"]
[White "Caruana, Fabiano"]
[Black "Firouzja, Alireza"]
[Result "1/2-1/2"]
[WhiteElo "2805"]
[BlackElo "2737"]
[Annotator "Stockfish 16.1 - Chessbase"]
[PlyCount "148"]
[GameId "2053142232246505"]
[EventDate "2024.??.??"]

1. e4 {[%eval 15,0]} e5 {[%eval 17,0]} 2. Nf3 {[%eval 11,0]} Nc6 {[%eval 19,0]} 3. Bc4 {[%eval 1,0]} Nf6 {[%eval 15,0]} 4. d3 {[%eval 9,0]} Bc5 {[%eval 17,0]} 5. Nbd2 {[%eval 5,0]} a6 {[%eval 1,0]} 6. c3 {[%eval 2,0]} O-O {[%eval 12,0]} 7. O-O {[%eval 18,0]} d6 {[%eval 18,0]} 8. a3 $146 {[%eval 11,0]} ({RR} 8. a4 Ba7 9. h3 h6 10. Re1 Be6 11. Bxe6 fxe6 12. b4 Ne7 13. Nf1 Ng6 14. Ra2 Rf7 15. d4 exd4 16. cxd4 d5 17. exd5 Qxd5 18. Rae2 Re8 19. Ne5 Nxe5 20. dxe5 Qxd1 21. Rxd1 Nd5 22. Bd2 Ref8 {0-1 Ozates,T (2290)-Grischuk,A (2732) Titled Tue 9th Jan Early chess.com INT 2024 (2)}) ({RR} 8. a4 Ba7 9. h3 h6 10. Re1 Be6 11. Bxe6 fxe6 12. b4 Qe8 13. Nf1 Ne7 14. Ra2 Ng6 15. d4 exd4 16. cxd4 e5 17. Ng3 Kh8 18. Be3 Rd8 19. Rc2 c6 20. Qa1 Nd7 21. Nf5 Rf6 22. dxe5 Bxe3 {1-0 Ozates,T (2290)-Zhou,Q (2201) Titled Tue 16th Apr Late chess.com INT 2024 (8)}) ({RR} 8. a4 Ba7 9. h3 h6 10. Re1 Re8 11. Nf1 Be6 12. Bxe6 Rxe6 13. b4 d5 14. Qc2 Ne7 15. exd5 Nfxd5 16. Nxe5 Ng6 17. d4 Nxe5 18. dxe5 Qe7 19. Qe4 c6 20. Bd2 Re8 21. Qg4 f6 22. c4 f5 {0-1 Sjugirov,S (2703)-Gukesh,D (2720) Chennai GMs 2023 Chennai IND (5.1)}) 8... Ba7 {[%eval 22,0]} 9. h3 {[%eval 17,0]} h6 {[%eval 12,0]} 10. Re1 {[%eval 14,0]} Re8 {[%eval 14,0]} 11. Nf1 {[%eval 14,0]} Be6 {[%eval 14,0]} 12. Bxe6 {[%eval 17,0]} Rxe6 {[%eval 19,0]} 13. c4 {[%eval 3,0]} a5 {[%eval 8,0]} 14. b3 {[%eval 6,0]} Nd4 {[%eval 8,0]} 15. Ng3 {[%eval 11,0]} Nxf3+ {[%eval 3,0]} 16. Qxf3 {[%eval 1,0]} Nh7 {[%eval 5,0]} 17. Nf5 {[%eval 2,0]} Ng5 {[%eval 5,0]} 18. Qe2 {[%eval 2,0]} Rg6 {[%eval 2,0]} 19. Kh2 {[%eval 1,0]} Ne6 {[%eval 2,0]} 20. Be3 {[%eval 3,0]} Rf6 {[%eval 2,0]} 21. b4 {[%eval 4,0]} Kh7 {[%eval 0,0]} 22. Qd2 {[%eval 2,0]} Bxe3 {[%eval 0,0]} 23. fxe3 {[%eval 14,0]} g6 {[%eval 12,0]} 24. Ng3 {[%eval 15,0]} h5 {[%eval 8,0]} 25. Rf1 {[%eval 17,0]} h4 {[%eval 0,0]} 26. Ne2 {[%eval 5,0]} axb4 {[%eval 0,0]} 27. axb4 {[%eval 0,0]} Rxf1 {[%eval 0,0]} 28. Rxf1 {[%eval 1,0]} Kg7 {[%eval 0,0]} 29. Ng1 {[%eval 0,0]} Ng5 {[%eval 1,0]} 30. Qf2 {[%eval 0,0]} Ra3 {[%eval 0,0]} 31. Rd1 {[%eval 0,0]} Qh8 {[%eval 0,0]} 32. Qb2 {[%eval 2,0]} Qa8 {[%eval 5,0]} 33. Qf2 {[%eval 0,0]} Qh8 {[%eval 0,0]} 34. c5 {[%eval 12,0]} Rb3 {[%eval 15,0]} 35. Qd2 $6 {[%eval -81,0] Inaccuracy. Kh1 was best.} (35. Kh1 Qd8 36. Qxh4 Ne6 37. Qxd8 Nxd8 38. Nf3 Ne6 39. Kg1 Rxb4 40. cxd6 cxd6) 35... Qa8 $6 {[%eval 1,0] Inaccuracy. Qd8 was best.} (35... Qd8) 36. cxd6 {[%eval 1,0]} cxd6 {[%eval 19,0]} 37. Rf1 {[%eval 35,0]} Qd8 {[%eval 4,0]} 38. Rc1 {[%eval 65,0]} d5 {[%eval 16,0]} 39. Qc2 {[%eval 23,0]} Ra3 {[%eval 5,0]} 40. Rf1 $4 {[%eval -264,0] Blunder. Qb2 was best.} (40. Qb2 Rxd3 41. Qxe5+ Qf6 42. Qxf6+ Kxf6 43. exd5 Ne4 44. Rf1+ Kg7 45. Nf3 Rxd5) 40... dxe4 {[%eval -264,0]} 41. Qb2 {[%eval -271,0]} Rxd3 {[%eval -275,0]} 42. Qxe5+ {[%eval -287,0]} f6 {[%eval -292,0]} 43. Qb5 {[%eval -269,0]} Qd5 {[%eval -297,0]} 44. Qa4 {[%eval -229,0]} Rxe3 {[%eval -232,0]} 45. Rc1 {[%eval -239,0]} Rc3 $4 {[%eval 23,0] Blunder. Nf7 was best.} (45... Nf7 46. Kh1 Qd2 47. Ra1 Rg3 48. Ra2 Qd5 49. Qa8 Rd3 50. Ra7 Nd8 51. Ra1) 46. Rxc3 {[%eval 17,0]} Qe5+ {[%eval 26,0]} 47. Kh1 {[%eval 25,0]} Qxc3 {[%eval 22,0]} 48. Qd7+ {[%eval 76,0]} Nf7 $6 {[%eval 2,0] Inaccuracy. Kh6 was best.} (48... Kh6) 49. Qxb7 {[%eval 23,0]} e3 {[%eval 21,0]} 50. Qe4 {[%eval 21,0]} f5 {[%eval 0,0]} 51. Qxh4 {[%eval 0,0]} g5 {[%eval 0,0]} 52. Qg3 {[%eval 0,0]} f4 {[%eval 0,0]} 53. Qg4 {[%eval 0,0]} Qxb4 {[%eval 0,0]} 54. Nf3 {[%eval 15,0]} Qe7 {[%eval 2,0]} 55. Qc8 {[%eval 8,0]} e2 {[%eval 0,0]} 56. Qc3+ {[%eval 11,0]} Kg8 {[%eval 1,0]} 57. Kh2 {[%eval 56,0]} Qe3 {[%eval 5,0]} 58. Qa5 $4 {[%eval -276,0] Blunder. Qxe3 was best.} (58. Qxe3 fxe3) 58... Kg7 $4 {[%eval -76,0] Blunder. Ne5 was best.} (58... Ne5) 59. Qe1 $4 {[%eval -585,0] Blunder. Qb4 was best.} (59. Qb4 Kf6) 59... Kg8 $4 {[%eval -175,0] Blunder. Ne5 was best.} (59... Ne5 60. Qa1 Kg8 61. Qxe5 Qxe5 62. Nxe5 e1=Q 63. Nf3 Qc3 64. Kg1 Kf8 65. Kf1) 60. Qa1 $4 {[%eval -568,0] Blunder. Qa5 was best.} (60. Qa5 Ne5) 60... Kf8 $4 {[%eval -192,0] Blunder. Ne5 was best.} (60... Ne5 61. Ne1 f3 62. Qa8+ Kh7 63. Qb7+ Kh6 64. Qa6+ Ng6 65. Nxf3 Qf4+ 66. Kg1) 61. Kh1 $2 {[%eval -481,0] Mistake. Qb1 was best.} (61. Qb1 Ne5) 61... Kg8 $4 {[%eval -84,0] Blunder. Ne5 was best.} (61... Ne5 62. Ne1 f3 63. gxf3 Qf2 64. Qa3+ Kg8 65. Qb3+ Kh7 66. Nc2 e1=Q+ 67. Nxe1) 62. Qb1 $4 {[%eval -347,0] Blunder. Ne1 was best.} (62. Ne1 Ne5 63. Nc2 Qc5 64. Qa8+ Kg7 65. Qb7+ Nf7 66. Ne1 Qc3 67. Qb1 Qe3) 62... Kg7 $4 {[%eval -73,0] Blunder. Ne5 was best.} (62... Ne5 63. Qb8+ Kh7 64. Qb7+ Kh6 65. Qa6+ Kh5 66. Qb7 e1=R+ 67. Nxe1 Qxe1+ 68. Kh2) 63. Qe1 $4 {[%eval -442,0] Blunder. Qb4 was best.} (63. Qb4 Kg6) 63... Kg8 $4 {[%eval 0,0] Blunder. Ne5 was best.} (63... Ne5 64. Ng1 f3 65. Nxf3 Nxf3 66. gxf3 Qxf3+ 67. Kh2 Kh6 68. Kg1 Kh5 69. Kh2) 64. Ng1 {[%eval 0,0]} Ne5 {[%eval 0,0]} 65. Nxe2 $6 {[%eval 93,0] Inaccuracy. Qxe2 was best.} (65. Qxe2 Qxe2 66. Nxe2 Nd3 67. Nd4 Kg7 68. Kg1 Kg6 69. Kf1 Nc5 70. Kf2 Ne4+) 65... f3 $6 {[%eval 0,0] Inaccuracy. Nd3 was best.} (65... Nd3 66. Qa5) 66. gxf3 {[%eval 0,0]} Qxf3+ {[%eval 0,0]} 67. Kh2 {[%eval 0,0]} Qe3 {[%eval 0,0]} 68. Qf1 {[%eval 0,0]} Nf3+ {[%eval 0,0]} 69. Kh1 {[%eval 0,0]} Nh4 {[%eval 0,0]} 70. Kh2 {[%eval 0,0]} Nf3+ {[%eval 0,0]} 71. Kh1 {[%eval 0,0]} Nh4 {[%eval 0,0]} 72. Ng1 {[%eval 0,0]} Qe4+ {[%eval 0,0]} 73. Kh2 {[%eval 0,0]} Qe5+ {[%eval 0,0]} 74. Kh1 {[%eval 0,0]} Qe4+ {[%eval 0,0]} 1/2-1/2

[Event "Norway Chess 2024"]
[Site "Stavanger, Norway"]
[Date "2024.06.03"]
[Round "14.3"]
[White "Praggnanandhaa R"]
[Black "Ding, Liren"]
[Result "1-0"]
[WhiteElo "2747"]
[BlackElo "2762"]
[Annotator "Stockfish 16.1 - Chessbase"]
[PlyCount "45"]
[GameId "2053142232250602"]
[EventDate "2024.??.??"]

1. d4 {[%eval 17,0]} Nf6 {[%eval 17,0]} 2. Bg5 {[%eval 0,0]} d5 {[%eval 5,0]} 3. e3 {[%eval 2,0]} c5 {[%eval 6,0]} 4. Bxf6 {[%eval 0,0]} gxf6 {[%eval 0,0]} 5. Bb5+ {[%eval 0,0]} Bd7 {[%eval 14,0]} 6. Bxd7+ {[%eval 0,0]} Nxd7 {[%eval 0,0]} 7. Ne2 {[%eval 0,0]} e6 {[%eval 0,0]} 8. O-O {[%eval 1,0]} Qc7 $146 {[%eval 12,0]} ({RR} 8... cxd4 9. exd4 f5 10. Nd2 Bd6 11. c4 dxc4 12. Nxc4 Nf6 13. Qb3 b6 14. Rad1 O-O 15. Nc3 Rc8 16. g3 Bb8 17. d5 Nxd5 18. Nxd5 exd5 19. Ne3 f4 20. Rxd5 Qf6 21. Rf5 Qg6 22. Nd5 Kh8 23. Qd3 {1-0 Praggnanandhaa,R (2740)-Seo,J (2483) Titled Tue 19th Dec Early chess.com INT 2023 (8)}) 9. Nd2 {[%eval 14,0]} Bd6 {[%eval 42,0]} 10. h3 {[%eval 28,0]} cxd4 {[%eval 29,0]} 11. Nxd4 {[%eval 5,0]} a6 {[%eval 48,0]} 12. Qh5 {[%eval 3,0]} O-O {[%eval 21,0]} 13. c3 {[%eval 0,0]} Kh8 {[%eval 3,0]} 14. Rad1 {[%eval 21,0]} f5 {[%eval 0,0]} 15. N2f3 {[%eval 1,0]} Nf6 {[%eval 0,0]} 16. Qh6 {[%eval 27,0]} Qe7 {[%eval 26,0]} 17. c4 {[%eval 8,0]} dxc4 $6 {[%eval 0,0] Inaccuracy. Ng8 was best.} (17... Ng8) 18. Ng5 $4 {[%eval -192,0] Blunder. Nc6 was best.} (18. Nc6 bxc6 19. Rxd6 Qxd6 20. Qxf6+ Kg8 21. Qg5+ Kh8) 18... Rad8 $4 {[%eval 26,0] Blunder. Rg8 was best.} (18... Rg8 19. Kh1 Rg6 20. Qh4 Rag8 21. f4 R6g7 22. Qe1 Bb4 23. Qf2 Ne4 24. Nxe4) 19. Rd2 $4 {[%eval -200,0] Blunder. Ndf3 was best.} (19. Ndf3 Bc7 20. Qh4 Rd7 21. Rxd7 Qxd7 22. Rc1 b5 23. Qh6 Qe7 24. Nd4 Rc8) 19... Rg8 {[%eval -185,0]} 20. Rfd1 $6 {[%eval -106,0] Inaccuracy. f4 was best.} (20. f4 Rg6 21. Qh4 h6 22. Rfd1 Bc7 23. Ngf3 Rdg8 24. Ne5 Bxe5 25. fxe5 Nd5) 20... Rg6 {[%eval -116,0]} 21. Qh4 {[%eval -123,0]} Rdg8 $4 {[%eval 371,0] Blunder. Bb4 was best.} (21... Bb4 22. Rc2 e5 23. Rxc4 exd4 24. Rxb4 Rdg8 25. Qxd4 Rxg5 26. g3 R5g6 27. Qc3) 22. Ndf3 {[%eval 307,0]} h6 $6 {[%eval 408,0] Inaccuracy. Bg3 was best.} (22... Bg3 23. Qxg3 R6g7 24. Qd6 Qxd6 25. Rxd6 h6 26. Nxf7+ Rxf7 27. Rxe6 Kg7 28. Nh4) 23. Rxd6 {[%eval 458,0]} 1-0

[Event "Norway Chess 2024"]
[Site "Stavanger, Norway"]
[Date "2024.06.04"]
[Round "15.1"]
[White "Carlsen, Magnus"]
[Black "Praggnanandhaa R"]
[Result "1/2-1/2"]
[WhiteElo "2830"]
[BlackElo "2747"]
[Annotator "Stockfish 16.1 - Chessbase"]
[PlyCount "150"]
[GameId "2053142232254699"]
[EventDate "2024.??.??"]

1. e4 {[%eval 15,0]} e5 {[%eval 17,0]} 2. Nf3 {[%eval 11,0]} Nc6 {[%eval 19,0]} 3. Bb5 {[%eval 16,0]} a6 {[%eval 38,0]} 4. Ba4 {[%eval 14,0]} Nf6 {[%eval 25,0]} 5. O-O {[%eval 23,0]} Nxe4 {[%eval 27,0]} 6. d4 {[%eval 31,0]} b5 {[%eval 19,0]} 7. Bb3 {[%eval 33,0]} d5 {[%eval 25,0]} 8. dxe5 {[%eval 44,0]} Be6 {[%eval 28,0]} 9. Qe2 {[%eval 16,0]} Be7 {[%eval 18,0]} 10. Rd1 {[%eval 7,0]} O-O {[%eval 7,0]} 11. c3 {[%eval 11,0]} f5 $146 {[%eval 13,0]} ({RR} 11... Qd7 12. Nbd2 Nc5 13. Bc2 f6 14. exf6 Bxf6 15. Nf1 Rae8 16. Ne3 Bf7 17. Qf1 Ne5 18. Nxe5 Bxe5 19. h3 c6 20. Ng4 Bc7 21. Be3 Qd6 22. b4 Nd7 23. g3 Nf6 24. Bf4 Qd7 25. Nxf6+ gxf6 26. Bxc7 {½-½ Garifullina,L (2423)-Lei,T (2550) World Blitz Women 2023 Samarkand UZB (1.1)}) ({RR} 11... Qd7 12. Bc2 f5 13. Nbd2 Qe8 ({RR} 13... Rad8 14. Nb3 Bf7 15. Nbd4 Bh5 16. Nxc6 Qxc6 17. Nd4 Bxe2 18. Nxc6 Bxd1 19. Nxe7+ Kf7 20. Bxd1 Kxe7 21. f3 Nc5 22. Bg5+ Ke6 23. Bxd8 Rxd8 24. b4 Nd3 25. a4 Nxe5 26. axb5 axb5 27. Bc2 Rd6 28. f4) 14. Nf1 Qf7 15. Nd4 Nxd4 16. cxd4 Qe8 17. a4 c6 18. f3 Ng5 19. Qf2 Bd7 20. Bxg5 Bxg5 21. f4 Be7 22. Nd2 Be6 23. Bd3 Qb8 24. a5 Qe8 25. Rdc1 h6 26. Nb3 {0-1 Wang,C (2288)-Tarhan,A (2457) Dubai Police Global Chess Challenge 202 Dubai Police Officers Club, A 2024 (1.57)}) ({RR} 11... Nc5 12. Bc2 Qc8 13. Nbd2 Bf5 14. Nb3 Bxc2 15. Qxc2 Qe6 16. Nfd4 Nxd4 17. cxd4 Nxb3 18. axb3 Rac8 19. Be3 h6 20. f4 Bb4 21. f5 Qb6 22. f6 g5 23. Qf5 Qe6 24. Qxe6 fxe6 25. Rxa6 Kf7 26. Rc1) ({RR} 11... Re8 12. Bc2 f5 13. exf6 Bxf6 14. Bxe4 Bf7 15. Bxh7+ Kxh7 16. Be3 Bg6 17. Nbd2 d4 18. cxd4 Nxd4 19. Qf1 Nc2 20. Ne4 Qe7 21. Nxf6+ Qxf6 22. Bd4 Nxd4 23. Rxd4 c5 24. Rh4+ Kg8 25. Qc1 Rad8 26. a4 {½-½ Li Chao2 (2651)-Xu,Y (2515) CHN Team Men 2024 Qingdao CHN (9.1)}) 12. exf6 {[%eval 9,0]} Bxf6 {[%eval 15,0]} 13. Nbd2 {[%eval 11,0]} Nc5 {[%eval 16,0]} 14. Bc2 {[%eval 14,0]} Re8 {[%eval 12,0]} 15. Nf1 {[%eval 0,0]} Bf7 {[%eval 16,0]} 16. Be3 {[%eval 15,0]} Ne4 {[%eval 18,0]} 17. Ng3 {[%eval 22,0]} Nxg3 {[%eval 25,0]} 18. hxg3 {[%eval 29,0]} Ne5 {[%eval 36,0]} 19. Nxe5 {[%eval 33,0]} Bxe5 {[%eval 31,0]} 20. a4 {[%eval 25,0]} c6 {[%eval 22,0]} 21. Qd2 {[%eval 23,0]} Qd6 {[%eval 39,0]} 22. Re1 {[%eval 39,0]} Bg6 {[%eval 4,0]} 23. Bxg6 {[%eval 4,0]} Qxg6 {[%eval 12,0]} 24. Bd4 {[%eval 12,0]} Bxd4 {[%eval 14,0]} 25. Qxd4 {[%eval 7,0]} bxa4 {[%eval 9,0]} 26. Qxa4 {[%eval 1,0]} c5 {[%eval 28,0]} 27. Qd7 {[%eval 1,0]} Rad8 {[%eval 7,0]} 28. Qc7 {[%eval 7,0]} d4 {[%eval 8,0]} 29. cxd4 {[%eval 1,0]} cxd4 {[%eval 8,0]} 30. Qc4+ {[%eval 7,0]} Kh8 {[%eval 5,0]} 31. Rxe8+ {[%eval 5,0]} Qxe8 {[%eval 4,0]} 32. Rd1 {[%eval 4,0]} Qd7 {[%eval 7,0]} 33. Qxa6 {[%eval 7,0]} d3 {[%eval 7,0]} 34. b4 {[%eval 0,0]} h6 {[%eval 5,0]} 35. Qc4 {[%eval 0,0]} d2 {[%eval 3,0]} 36. Qe2 {[%eval 7,0]} Qd3 {[%eval 3,0]} 37. Qxd3 {[%eval 6,0]} Rxd3 {[%eval 8,0]} 38. f3 {[%eval 0,0]} Kh7 {[%eval 3,0]} 39. Kf2 {[%eval 0,0]} Rb3 {[%eval 6,0]} 40. Rxd2 {[%eval 6,0]} Rxb4 {[%eval 8,0]} 41. Rd5 {[%eval 0,0]} Rb2+ {[%eval 0,0]} 42. Kg1 {[%eval 3,0]} Rb7 {[%eval 3,0]} 43. Kh2 {[%eval 4,0]} g6 {[%eval 6,0]} 44. Kh3 {[%eval 0,0]} h5 {[%eval 4,0]} 45. g4 {[%eval 4,0]} hxg4+ {[%eval 4,0]} 46. Kxg4 {[%eval 2,0]} Kh6 {[%eval 2,0]} 47. Ra5 {[%eval 4,0]} (47. Rb5) 47... Rb4+ {[%eval 8,0]} 48. f4 {[%eval 11,0]} Rb2 {[%eval 0,0]} 49. Kh3 {[%eval 0,0]} Rb4 {[%eval 0,0]} 50. g3 {[%eval 2,0]} Kg7 {[%eval 0,0]} 51. Kh4 {[%eval 2,0]} Rc4 {[%eval 3,0]} 52. Ra7+ {[%eval 3,0]} Kf6 {[%eval 3,0]} 53. Kg4 {[%eval 3,0]} Rc3 {[%eval 2,0]} 54. Ra5 {[%eval 2,0]} Rb3 {[%eval 2,0]} 55. Kh3 {[%eval 2,0]} Rc3 {[%eval 3,0]} 56. Re5 {[%eval 11,0]} Rc2 {[%eval 3,0]} 57. g4 {[%eval 3,0]} Rc3+ {[%eval 3,0]} 58. Kg2 {[%eval 7,0]} Ra3 {[%eval 0,0]} 59. Kf2 {[%eval 2,0]} Kf7 {[%eval 0,0]} 60. Re3 {[%eval 0,0]} Ra1 {[%eval 2,0]} 61. Rb3 {[%eval 0,0]} Kg7 {[%eval 0,0]} 62. Kg3 {[%eval 0,0]} Rf1 {[%eval 0,0]} 63. Rb7+ {[%eval 0,0]} Kg8 {[%eval 0,0]} 64. Ra7 {[%eval 0,0]} Kf8 {[%eval 3,0]} 65. Ra4 {[%eval 2,0]} Rh1 {[%eval 0,0]} 66. Kf3 {[%eval 2,0]} Rg1 {[%eval 0,0]} 67. g5 {[%eval 0,0]} Rf1+ {[%eval 0,0]} 68. Ke4 {[%eval 0,0]} Kg7 {[%eval 0,0]} 69. Ra7+ {[%eval 0,0]} Kg8 {[%eval 0,0]} 70. Ke5 {[%eval 0,0]} Rf2 {[%eval 0,0]} 71. Kf6 {[%eval 0,0]} Rxf4+ {[%eval 0,0]} 72. Kxg6 {[%eval 0,0]} Rf8 {[%eval 0,0]} 73. Rg7+ {[%eval 0,0]} Kh8 {[%eval 0,0]} 74. Rh7+ {[%eval 0,0]} Kg8 {[%eval 0,0]} 75. Rg7+ {[%eval 0,0]} Kh8 {[%eval 0,0]} 1/2-1/2

[Event "Norway Chess 2024"]
[Site "Stavanger, Norway"]
[Date "2024.06.04"]
[Round "15.2"]
[White "Ding, Liren"]
[Black "Caruana, Fabiano"]
[Result "1/2-1/2"]
[WhiteElo "2762"]
[BlackElo "2805"]
[Annotator "Stockfish 16.1 - Chessbase"]
[PlyCount "75"]
[GameId "2053142232254700"]
[EventDate "2024.??.??"]

1. d4 {[%eval 17,0]} d6 {[%eval 56,0]} 2. Nf3 {[%eval 49,0]} Nf6 {[%eval 54,0]} 3. c4 {[%eval 49,0]} g6 {[%eval 52,0]} 4. Nc3 {[%eval 51,0]} Bf5 {[%eval 78,0]} 5. Qb3 {[%eval 57,0]} b6 {[%eval 6,0]} 6. h3 {[%eval 57,0]} Bg7 {[%eval 63,0]} 7. g4 {[%eval 64,0]} Bc8 $146 {[%eval 57,0]} ({RR} 7... Bd7 8. Bg2 Nc6 9. Qd1 O-O 10. e4 h5 11. g5 Nh7 12. Be3 e5 13. d5 Nd4 14. Qd2 a6 15. h4 Nxf3+ 16. Bxf3 b5 17. c5 b4 18. Ne2 a5 19. c6 Bc8 20. a3 Ba6 21. axb4 axb4 22. Qxb4 {0-1 Zemlyanskii,I (2492)-Yeletsky,I (2504) Titled Tue 2nd Jan Early chess.com INT 2024 (11)}) ({RR} 7... Bd7 8. e4 Nc6 9. Be3 O-O 10. Qd1 Na5 11. Be2 c5 12. d5 a6 13. g5 Nh5 14. Nd2 b5 15. Bxh5 gxh5 16. Qxh5 Nxc4 17. Nxc4 bxc4 18. Bd2 Rb8 19. Rb1 Qa5 20. O-O Rb7 21. f4 Rfb8 22. f5 {1-0 Matlakov,M (2662)-Ibarra Jerez,J (2559) Titled Tue 6th Feb Early chess.com INT 2024 (10)}) ({RR} 7... Bd7 8. Bg2 Nc6 9. Qd1 O-O 10. O-O Re8 11. Rb1 Qc8 12. e3 h5 13. Nh2 hxg4 14. hxg4 e5 15. d5 Na5 16. g5 Nh7 17. e4 Nxc4 18. Qd3 b5 19. b3 Nb6 20. Nxb5 Qd8 21. Nf3 Bf8 22. Be3 {0-1 Song,J (2313)-Dgebuadze,A (2446) MI ECAM Lyon 2024 Lyon FRA (3.2)}) 8. e4 {[%eval 75,0]} h5 {[%eval 73,0]} 9. g5 {[%eval 79,0]} Nfd7 {[%eval 66,0]} 10. Be3 {[%eval 75,0]} O-O {[%eval 66,0]} 11. Qc2 {[%eval 48,0]} a6 {[%eval 64,0]} 12. d5 {[%eval 62,0]} c6 {[%eval 71,0]} 13. Bd4 {[%eval 37,0]} b5 {[%eval 38,0]} 14. Bxg7 {[%eval 26,0]} Kxg7 {[%eval 31,0]} 15. b3 $6 {[%eval 41,0] Inaccuracy. Qd2 was best.} (15. Qd2) 15... bxc4 {[%eval 32,0]} 16. bxc4 {[%eval 66,0]} Nc5 $6 {[%eval 0,0] Inaccuracy. e5 was best.} (16... e5) 17. Bg2 {[%eval 0,0]} cxd5 {[%eval 19,0]} 18. cxd5 {[%eval 23,0]} e5 {[%eval 19,0]} 19. dxe6 {[%eval 18,0]} Bxe6 {[%eval 14,0]} 20. O-O {[%eval 2,0]} Nbd7 {[%eval 49,0]} 21. Rfd1 {[%eval 48,0]} Qe7 {[%eval 73,0]} 22. Qd2 {[%eval 8,0]} Rac8 {[%eval 7,0]} 23. Qd4+ {[%eval 8,0]} Kg8 {[%eval 8,0]} 24. Qxd6 {[%eval 8,0]} Qxd6 {[%eval 75,0]} 25. Rxd6 {[%eval 66,0]} Nb7 {[%eval 7,0]} 26. Rd3 {[%eval 73,0]} Ndc5 {[%eval 92,0]} 27. Rd4 $6 {[%eval 29,0] Inaccuracy. Rd2 was best.} (27. Rd2 Rfd8 28. Rxd8+ Rxd8 29. h4 a5 30. Bf1 Nd6 31. Rd1 Bg4 32. Kg2 Rd7) 27... Kg7 $6 {[%eval 97,0] Inaccuracy. Nb3 was best.} (27... Nb3 28. axb3 Rxc3 29. Rxa6 Bxb3 30. Ne5 Rc1+ 31. Kh2 Nc5 32. Rc6 Rc2 33. Rb4) 28. Ne5 {[%eval 101,0]} Rfd8 {[%eval 113,0]} 29. Nd5 {[%eval 105,0]} Nd7 {[%eval 135,0]} 30. Nc4 {[%eval 135,0]} Nb8 {[%eval 132,0]} 31. Rb1 {[%eval 131,0]} Nd6 {[%eval 146,0]} 32. Nce3 {[%eval 118,0]} Nc6 {[%eval 169,0]} 33. Ra4 {[%eval 175,0]} a5 {[%eval 185,0]} 34. Rc1 {[%eval 141,0]} Nb5 {[%eval 188,0]} 35. Rac4 {[%eval 103,0]} Nbd4 {[%eval 125,0]} 36. Bf1 $2 {[%eval 2,0] Mistake. Rd1 was best.} (36. Rd1 Ne2+) 36... Nb4 $6 {[%eval 79,0] Inaccuracy. Ne5 was best.} (36... Ne5 37. Rxc8 Nef3+ 38. Kg2 Rxc8 39. Rxc8 Bxc8 40. Nc3 Bd7 41. a4 Nxg5 42. Kg3) 37. a3 $6 {[%eval 0,0] Inaccuracy. Rxc8 was best.} (37. Rxc8 Bxc8) 37... Nxd5 {[%eval 0,0]} 38. exd5 {[%eval 0,0]} 1/2-1/2